000 00653nam a22002177a 4500
005 20170124105925.0
010 _a380206
020 _c00.00
035 _a380206
037 _bCen Lib/Ret
040 _aDPL
_bEN
082 _a025.3
_bNEE
100 _aNeedmah, C. D.
_96222
245 _aOrganizing knowledge in libraries :
_cby C. D. Needmah
_ban introduction to classification and cataloguing /
260 _aLondon
_bAndre Deutsch
_c1964
270 _bLondon
_a105, Great Russell Street
300 _a259p.
_c21cm(Hb)
650 _aCataloging
_972161
650 _aBook Classification
_938882
942 _2ddc
_cEN
_h025.3
_mNEE
999 _c123457
_d123457